Tiếng Anh dùng trong lĩnh vực công nghiệp xe hơi = English for the automobile industry

Wedi'i Gadw mewn:
Manylion Llyfryddiaeth
Prif Awdur: Hoàng, Nguyên
Fformat: Llyfr
Iaith:Undetermined
Cyhoeddwyd: Thành phố Hồ Chí Minh Đại học Sư phạm Thành phố Hồ Chí Minh 2013
Pynciau:
Tagiau: Ychwanegu Tag
Dim Tagiau, Byddwch y cyntaf i dagio'r cofnod hwn!
Thư viện lưu trữ: Trung tâm Học liệu Trường Đại học Cần Thơ
LEADER 00758nam a2200205Ia 4500
001 CTU_189631
008 210402s9999 xx 000 0 und d
082 |a 428.24 
082 |b Ng527 
100 |a Hoàng, Nguyên 
245 0 |a Tiếng Anh dùng trong lĩnh vực công nghiệp xe hơi = 
245 0 |b English for the automobile industry 
245 0 |c Hoàng Nguyên 
260 |a Thành phố Hồ Chí Minh 
260 |b Đại học Sư phạm Thành phố Hồ Chí Minh 
260 |c 2013 
650 |a English language,Tiếng Anh 
650 |x Textbooks for foreign speakers,Sách dành cho người nước ngoài 
910 |a Anh Đào,Hải 
980 |a Trung tâm Học liệu Trường Đại học Cần Thơ